[Event "XXIII Coppa Autunno"]
[Site "Ivrea ITA"]
[Date "2012.11.01"]
[Round "6"]
[White "Ranieri, Fabrizio"]
[Black "Chiarotto, Filippo"]
[WhiteElo "2287"]
[BlackElo "2078"]
[Result "0-1"]
[PlyCount "72"]
[EventDate "2012.09.27"]

1. e4 c5 2. Nf3 a6 3. d4 cxd4 4. Nxd4 Nf6 5. Nc3 e5 6. Nf3 Bb4 7. Bc4 Qc7 8.
Qd3 b5 9. Bb3 Bb7 10. Bd2 Bxc3 11. Bxc3 Bxe4 12. Qe3 d6 13. O-O-O Nc6 14. Ng5
Bg6 15. f3 b4 16. Be1 O-O 17. Ne4 Nxe4 18. fxe4 a5 19. Ba4 Rac8 20. Qd3 Nd4 21.
Bf2 f5 22. Bxd4 fxe4 23. Qe3 exd4 24. Rxd4 Qc5 25. Rhd1 Rf6 26. Bb3+ Kh8 27.
Kb1 h6 28. Qe2 Rcf8 29. a4 bxa3 30. bxa3 Qxa3 31. Qb5 e3 32. Ba4 e2 33. Qxe2
Rb8+ 34. Bb5 Rf5 35. Rd5 Rxd5 36. Rxd5 Qb3+ 0-1

[Event "XXIII Coppa Autunno"]
[Site "Ivrea ITA"]
[Date "2012.11.08"]
[Round "6"]
[White "Trovero, Leo"]
[Black "Castaldo, Antonio"]
[WhiteElo "1596"]
[BlackElo "1604"]
[Result "1-0"]
[PlyCount "109"]
[EventDate "2012.09.27"]

1. e4 d6 2. Nf3 Nf6 3. Nc3 g6 4. Bc4 Bg7 5. d3 O-O 6. O-O c6 7. h3 Nbd7 8. Be3
e5 9. Qe2 Nb6 10. Bb3 Be6 11. d4 Bxb3 12. axb3 Qc7 13. dxe5 dxe5 14. Rad1 Rad8
15. Nd2 Rd7 16. Nc4 Nxc4 17. Qxc4 Qb8 18. Rxd7 Nxd7 19. Rd1 Nb6 20. Qd3 Bf6 21.
Qd6 Qxd6 22. Rxd6 Be7 23. Rd2 Bb4 24. Bxb6 Bxc3 25. bxc3 axb6 26. Rd7 Rb8 27.
Kf1 Kg7 28. Ke2 Kf6 29. Ke3 h5 30. f4 exf4+ 31. Kxf4 g5+ 32. Ke3 Ke6 33. Rc7 f5
34. exf5+ Kxf5 35. Kf3 b5 36. g4+ hxg4+ 37. hxg4+ Kf6 38. Ke4 Re8+ 39. Kd4 Re2
40. Rxb7 Rxc2 41. Rb6 Rd2+ 42. Kc5 Rd5+ 43. Kxc6 Re5 44. Rxb5 Re4 45. Rb4 Re6+
46. Kd5 Re5+ 47. Kd4 Re8 48. Rb6+ Kg7 49. Kd5 Rd8+ 50. Rd6 Rf8 51. c4 Rf4 52.
c5 Rb4 53. c6 Rxb3 54. c7 Rc3 55. Rc6 1-0

[Event "XXIII Coppa Autunno"]
[Site "Ivrea ITA"]
[Date "2012.11.15"]
[Round "7"]
[White "Chiarotto, Filippo"]
[Black "Bosticardo, Tommaso"]
[WhiteElo "2078"]
[BlackElo "1823"]
[Result "1/2-1/2"]
[PlyCount "74"]
[EventDate "2012.09.27"]

1. e4 e5 2. Nf3 Nc6 3. Bc4 Bc5 4. c3 Nf6 5. Qe2 d6 6. h3 O-O 7. d3 h6 8. b4 Bb6
9. a4 a5 10. b5 Ne7 11. g4 d5 12. exd5 Nexd5 13. g5 hxg5 14. Bxg5 Nf4 15. Bxf4
exf4 16. Nbd2 Re8 17. Ne4 Bf5 18. Nfg5 Bg6 19. h4 Nxe4 20. dxe4 Qf6 21. Qc2
Rad8 22. f3 Be3 23. Rh2 Rd7 24. Rd1 Rxd1+ 25. Kxd1 Rd8+ 26. Ke1 Qe5 27. Qb3 Rd7
28. Rg2 Bb6 29. Rd2 Qe7 30. Rxd7 Qxd7 31. Bd5 Be3 32. Qc4 Qe7 33. Bxb7 Qa3 34.
Qd3 Qc1+ 35. Qd1 Qxc3+ 36. Kf1 Qc1 37. Qxc1 Bxc1 1/2-1/2

[Event "XXIII Coppa Autunno"]
[Site "Ivrea ITA"]
[Date "2012.11.15"]
[Round "7"]
[White "Gennaro, Isabella"]
[Black "Bogatto, Mario"]
[WhiteElo "1651"]
[BlackElo "1438"]
[Result "1-0"]
[PlyCount "61"]
[EventDate "2012.09.27"]

1. e4 c5 2. Nf3 a6 3. d4 cxd4 4. Nxd4 d6 5. Nc3 e6 6. Be2 Be7 7. O-O Nf6 8. Be3
Bd7 9. a4 Nc6 10. Nxc6 Bxc6 11. f3 O-O 12. a5 Qc7 13. Bb6 Qd7 14. Qd4 e5 15.
Qe3 Bd8 16. Rfd1 Bxb6 17. Qxb6 Rfd8 18. b4 d5 19. exd5 Nxd5 20. Nxd5 Bxd5 21.
c4 Qc6 22. Rxd5 Qxb6+ 23. axb6 Rxd5 24. cxd5 Rd8 25. Rc1 f6 26. Rc7 Kf8 27. Bc4
Rd6 28. Rxb7 h6 29. Rb8+ Kf7 30. b7 Rb6 31. d6+ 1-0

[Event "XXIII Coppa Autunno"]
[Site "Ivrea ITA"]
[Date "2012.11.16"]
[Round "7"]
[White "Listello, Massimiliano"]
[Black "Ranieri, Fabrizio"]
[WhiteElo "1715"]
[BlackElo "2287"]
[Result "0-1"]
[PlyCount "80"]
[EventDate "2012.09.27"]

1. d4 e6 2. c4 d5 3. Nc3 c6 4. e4 dxe4 5. Nxe4 Bb4+ 6. Bd2 Qxd4 7. Bxb4 Qxe4+
8. Be2 Na6 9. Bd6 Ne7 10. Qd2 Nf5 11. O-O-O Qh4 12. Nf3 Qd8 13. Qf4 Nxd6 14.
Rxd6 Qf6 15. Qd2 O-O 16. g4 Nc5 17. g5 Qe7 18. Rd4 e5 19. Rh4 Bf5 20. Qe3 Rfe8
21. Rd1 Bg6 22. Rg4 e4 23. Nd4 Nd3+ 24. Bxd3 exd3 25. Qxe7 Rxe7 26. Rgg1 Rd8
27. Nb3 Re2 28. Rd2 b6 29. Rxe2 dxe2 30. Re1 Bd3 31. Nd2 b5 32. cxb5 cxb5 33.
Nf3 b4 34. Ng1 Kf8 35. Nxe2 Rc8+ 36. Kd2 Bc4 37. a3 Rd8+ 38. Kc1 bxa3 39. bxa3
Rd3 40. Kc2 Rf3 0-1

[Event "XXIII Coppa Autunno"]
[Site "Ivrea ITA"]
[Date "2012.11.17"]
[Round "7"]
[White "Pane, Gabriele"]
[Black "Tricerri, Pierino"]
[WhiteElo "1587"]
[BlackElo "1496"]
[Result "1-0"]
[PlyCount "21"]
[EventDate "2012.09.27"]

1. d4 Nf6 2. c4 g6 3. Nc3 Bg7 4. e4 d6 5. f3 O-O 6. Bg5 e5 7. dxe5 dxe5 8. Qxd8
Rxd8 9. Nd5 Rd7 10. Bxf6 Bxf6 11. Nxf6+ 1-0

[Event "XXIII Coppa Autunno"]
[Site "Ivrea ITA"]
[Date "2012.11.15"]
[Round "7"]
[White "Paonessa, Denis"]
[Black "Bellafiore, Enzo"]
[WhiteElo "1845"]
[BlackElo "1768"]
[Result "0-1"]
[PlyCount "78"]
[EventDate "2012.09.27"]

1. e4 Nf6 2. e5 Nd5 3. d4 d6 4. c4 Nb6 5. f4 dxe5 6. fxe5 Nc6 7. Be3 Bf5 8. Nc3
e6 9. Nf3 Bg4 10. Be2 Be7 11. O-O O-O 12. Rc1 Qd7 13. c5 Nd5 14. Nxd5 Qxd5 15.
Bc4 Qd7 16. Qd2 Rad8 17. Rcd1 Qe8 18. Qf2 Nb4 19. Qg3 Bh5 20. Qh3 Bg6 21. Nh4
Bxh4 22. Qxh4 Nd5 23. Bg5 Rd7 24. Bd3 Ne7 25. Qg4 Nf5 26. Be4 c6 27. Bb1 Qc8
28. Rd3 h6 29. Bc1 Qd8 30. Rf4 Kh7 31. Rxf5 exf5 32. Qf4 Qe7 33. Rg3 Qe6 34.
Be3 f6 35. Rxg6 Kxg6 36. g4 fxe5 37. gxf5+ Rxf5 38. Qg4+ Kf6 39. dxe5+ Qxe5 0-1

[Event "XXIII Coppa Autunno"]
[Site "Ivrea ITA"]
[Date "2012.11.15"]
[Round "7"]
[White "Papalini, Claudio"]
[Black "Bozza, Alberto"]
[WhiteElo "1608"]
[BlackElo "1568"]
[Result "1/2-1/2"]
[PlyCount "68"]
[EventDate "2012.09.27"]

1. d4 Nf6 2. Nf3 e6 3. e3 d5 4. Bd3 c5 5. c3 Nc6 6. O-O Bd6 7. Nbd2 O-O 8. Re1
Qc7 9. e4 dxe4 10. Nxe4 Nxe4 11. Bxe4 Rd8 12. Be3 cxd4 13. cxd4 Bd7 14. Rc1
Rac8 15. a3 Qb8 16. Qd3 f5 17. Bxc6 Bxc6 18. Bg5 Be4 19. Qb3 Bd5 20. Qe3 Rxc1
21. Rxc1 Rf8 22. Ne5 Bxe5 23. dxe5 h6 24. Be7 Re8 25. Bd6 Qd8 26. Rc7 Qh4 27.
Qg3 Qxg3 28. hxg3 a5 29. f4 Kh7 30. Rf7 Kg8 31. Rc7 a4 32. Kf2 h5 33. Rc3 Ra8
34. Rc7 Re8 1/2-1/2

[Event "XXIII Coppa Autunno"]
[Site "Ivrea ITA"]
[Date "2012.11.22"]
[Round "8"]
[White "Bellafiore, Enzo"]
[Black "Razzano, Lorenzo"]
[WhiteElo "1768"]
[BlackElo "1961"]
[Result "0-1"]
[PlyCount "110"]
[EventDate "2012.09.27"]

1. c4 g6 2. Nc3 Bg7 3. g3 d6 4. Bg2 e5 5. Nf3 Ne7 6. d4 O-O 7. O-O c6 8. e4 Nd7
9. Be3 h6 10. Qd2 Kh7 11. Rad1 Nb6 12. b3 Be6 13. dxe5 dxe5 14. Qxd8 Raxd8 15.
a4 Nbc8 16. Bc5 b6 17. Bxe7 Nxe7 18. Rxd8 Rxd8 19. Rd1 Rxd1+ 20. Nxd1 Nc8 21.
Nb2 f6 22. Nd3 Bf8 23. Nd2 h5 24. f4 Bh6 25. Nf3 exf4 26. gxf4 c5 27. e5 Bf5
28. Nfe1 Kg7 29. Kf2 fxe5 30. fxe5 Ne7 31. Kg3 g5 32. Bf3 h4+ 33. Kg2 g4 34.
Bd5 Nxd5 35. cxd5 Be4+ 36. Kf2 Bxd5 37. Ng2 Bg5 38. Ne3 g3+ 39. hxg3 hxg3+ 40.
Ke2 Bxe3 41. Kxe3 Bxb3 42. a5 c4 43. axb6 axb6 44. Nc1 Kf7 45. Kf3 g2 46. Kxg2
Ke6 47. Kf2 Kxe5 48. Ke3 Ba4 49. Na2 Be8 50. Nc3 b5 51. Na2 Kd5 52. Nc3+ Kc5
53. Kd2 Bc6 54. Kc2 b4 55. Nd1 Ba4+ 0-1

[Event "XXIII Coppa Autunno"]
[Site "Ivrea ITA"]
[Date "2012.11.22"]
[Round "8"]
[White "Bozza, Alberto"]
[Black "Giachino, Adriano"]
[WhiteElo "1568"]
[BlackElo "1624"]
[Result "1-0"]
[PlyCount "61"]
[EventDate "2012.09.27"]

1. c4 c5 2. g3 g6 3. Bg2 Bg7 4. Nf3 Nf6 5. Nc3 Nc6 6. d3 O-O 7. O-O d6 8. Bd2
a6 9. a3 e6 10. Rb1 b5 11. cxb5 axb5 12. Nxb5 Bb7 13. Nc3 Rb8 14. Na2 e5 15. b4
e4 16. dxe4 Nxe4 17. Bf4 Re8 18. bxc5 Bf8 19. cxd6 Nxd6 20. Nb4 Rc8 21. Bh3 Ra8
22. Nxc6 Bxc6 23. Nd4 Ba4 24. Qd3 Bg7 25. Bg2 Rc8 26. Rb4 Qd7 27. Bxd6 Bxd4 28.
Qxd4 Bb5 29. Rfb1 Re6 30. Rxb5 Rxd6 31. Rd5 1-0

[Event "XXIII Coppa Autunno"]
[Site "Ivrea ITA"]
[Date "2012.11.24"]
[Round "8"]
[White "Castaldo, Antonio"]
[Black "Tricerri, Pierino"]
[WhiteElo "1604"]
[BlackElo "1496"]
[Result "1-0"]
[PlyCount "55"]
[EventDate "2012.09.27"]

1. Nf3 Nf6 2. g3 g6 3. Bg2 Bg7 4. O-O O-O 5. d3 d5 6. Nbd2 Nc6 7. e4 Bg4 8. h3
Be6 9. Ng5 h6 10. Nxe6 fxe6 11. c3 Ne5 12. d4 Nc4 13. Nxc4 dxc4 14. e5 Nd7 15.
Bxb7 Rb8 16. Bg2 Nb6 17. Qg4 Kh7 18. Qxe6 Na4 19. Qxc4 Nxb2 20. Bxb2 Rxb2 21.
Qd3 h5 22. Be4 Qe8 23. f4 e6 24. Rf2 Rxf2 25. Kxf2 Kh6 26. Kg2 Qf7 27. Rf1 g5
28. fxg5+ 1-0

[Event "XXIII Coppa Autunno"]
[Site "Ivrea ITA"]
[Date "2012.11.22"]
[Round "8"]
[White "Gennaro, Isabella"]
[Black "Listello, Massimiliano"]
[WhiteElo "1651"]
[BlackElo "1715"]
[Result "0-1"]
[PlyCount "34"]
[EventDate "2012.09.27"]

1. e4 d5 2. exd5 Nf6 3. d4 Bg4 4. Be2 Bxe2 5. Nxe2 Qxd5 6. O-O Nc6 7. Na3 e6 8.
c4 Qh5 9. Nb5 O-O-O 10. Bf4 e5 11. Bxe5 Nxe5 12. Nxa7+ Kb8 13. Qa4 Ne4 14. dxe5
Bc5 15. b4 Bxa7 16. c5 Qxe2 17. Rae1 Qd3 0-1

[Event "XXIII Coppa Autunno"]
[Site "Ivrea ITA"]
[Date "2012.11.22"]
[Round "8"]
[White "Paonessa, Denis"]
[Black "Chiarotto, Filippo"]
[WhiteElo "1845"]
[BlackElo "2078"]
[Result "0-1"]
[PlyCount "64"]
[EventDate "2012.09.27"]

1. e4 c5 2. d4 cxd4 3. c3 dxc3 4. Nxc3 Nf6 5. e5 Ng8 6. Nf3 e6 7. Bc4 a6 8. O-O
Nc6 9. Qe2 b5 10. Bb3 Bb7 11. Rd1 Qc7 12. Bf4 Nge7 13. Rac1 Ng6 14. Bg3 Be7 15.
Ne4 Qb6 16. Nd6+ Bxd6 17. Rxd6 Nge7 18. Bc2 h6 19. Be4 Qa7 20. Rcd1 Rd8 21. Qd2
Nb8 22. Bxb7 Qxb7 23. Nd4 Nc8 24. Nxe6 fxe6 25. Rxe6+ Kf7 26. Qf4+ Kxe6 27.
Qg4+ Kf7 28. Qf5+ Kg8 29. e6 Rf8 30. Qg6 Ne7 31. Qg4 dxe6 32. Qxe6+ Kh7 0-1

[Event "XXIII Coppa Autunno"]
[Site "Ivrea ITA"]
[Date "2012.12.01"]
[Round "8"]
[White "Ranieri, Fabrizio"]
[Black "Pane, Gabriele"]
[WhiteElo "2287"]
[BlackElo "1587"]
[Result "1-0"]
[PlyCount "67"]
[EventDate "2012.09.27"]

1. e4 e6 2. d4 d5 3. Nc3 Bb4 4. e5 c5 5. a3 Bxc3+ 6. bxc3 Qc7 7. Nf3 b6 8. Be2
Ba6 9. Bxa6 Nxa6 10. O-O Rc8 11. Qe2 Nb8 12. c4 Ne7 13. cxd5 Nxd5 14. a4 O-O
15. Ba3 Nd7 16. Qd3 h6 17. c4 Ne7 18. Rfd1 Rfd8 19. Qe4 Nc6 20. d5 exd5 21.
Rxd5 Re8 22. Bb2 Nf6 23. Qe3 Nxd5 24. cxd5 Nb4 25. Rd1 Rcd8 26. d6 Qc6 27. Qb3
Qe4 28. Rc1 Qd5 29. Qe3 Qd3 30. Qf4 Nd5 31. Qg4 Re6 32. Re1 Rg6 33. Qe4 Nf4 34.
Qxf4 1-0

[Event "XXIII Coppa Autunno"]
[Site "Ivrea ITA"]
[Date "2012.11.22"]
[Round "8"]
[White "Trovero, Leo"]
[Black "Papalini, Claudio"]
[WhiteElo "1596"]
[BlackElo "1608"]
[Result "1-0"]
[PlyCount "121"]
[EventDate "2012.09.27"]

1. e4 e6 2. d3 d5 3. Nd2 Nc6 4. Ngf3 Nf6 5. g3 Be7 6. Bg2 e5 7. O-O d4 8. Nc4
Bg4 9. h3 Bxf3 10. Qxf3 b5 11. Nd2 O-O 12. Qe2 Bd6 13. f4 Rc8 14. f5 Nb4 15.
Nf3 c5 16. a3 Nc6 17. g4 Ne7 18. g5 Nh5 19. Qf2 Nc6 20. Qh4 g6 21. f6 c4 22.
Ne1 Na5 23. Bf3 Kh8 24. Bxh5 gxh5 25. Qxh5 Qd7 26. Qh6 Rg8 27. Rf5 Rg6 28. Qh5
cxd3 29. Nxd3 Rxc2 30. Nxe5 Bxe5 31. Rxe5 Qd8 32. Bf4 d3 33. Rd5 Qb6+ 34. Kh1
Rc8 35. Rxd3 Qc6 36. Qf3 Rgg8 37. Rc3 Qe6 38. Rac1 Nc6 39. Qe3 Qd7 40. Rc5 Rge8
41. Rd5 Qb7 42. Rcc5 a6 43. Qd3 Na5 44. Rxc8 Qxc8 45. Rd7 Kg8 46. Qd5 Rf8 47.
g6 hxg6 48. Bh6 Nc6 49. Bxf8 Ne5 50. Rd8 Qxh3+ 51. Kg1 Nf3+ 52. Kf2 Qh4+ 53.
Kxf3 Qh3+ 54. Ke2 Qg2+ 55. Kd3 Qg3+ 56. Kd4 Qf2+ 57. Kc3 Qe3+ 58. Kb4 Qe1+ 59.
Kc5 Qc1+ 60. Kd6 Qf4+ 61. e5 1-0

[Event "XXIII Coppa Autunno"]
[Site "Ivrea ITA"]
[Date "2012.11.29"]
[Round "9"]
[White "Bellafiore, Enzo"]
[Black "Ranieri, Fabrizio"]
[WhiteElo "1768"]
[BlackElo "2287"]
[Result "0-1"]
[PlyCount "68"]
[EventDate "2012.09.27"]

1. d4 e6 2. Bf4 d5 3. e3 Nf6 4. Nf3 Be7 5. Bd3 c5 6. c3 Nc6 7. Nbd2 Qb6 8. Rb1
Bd7 9. O-O h6 10. h3 a5 11. Ne5 O-O 12. Ndf3 Nxe5 13. Nxe5 Bb5 14. Qe2 Bxd3 15.
Qxd3 Rfd8 16. Qe2 a4 17. Ng4 Qc6 18. Ne5 Qe8 19. Bg3 Ne4 20. Bh2 b5 21. f3 Nf6
22. b3 axb3 23. axb3 Ra3 24. Qb2 Rda8 25. Ra1 b4 26. Bg3 c4 27. Rxa3 bxa3 28.
Qa2 cxb3 29. Qxb3 Rb8 30. Qa2 Rb2 31. Qa1 Qb5 32. Re1 Nd7 33. Ng4 Qb3 34. Rc1
a2 0-1

[Event "XXIII Coppa Autunno"]
[Site "Ivrea ITA"]
[Date "2012.11.29"]
[Round "9"]
[White "Bosticardo, Tommaso"]
[Black "Paonessa, Denis"]
[WhiteElo "1823"]
[BlackElo "1845"]
[Result "1/2-1/2"]
[PlyCount "103"]
[EventDate "2012.09.27"]

1. d4 Nf6 2. c4 e6 3. Nc3 c5 4. d5 exd5 5. cxd5 d6 6. e4 g6 7. Bd3 Bg7 8. Nge2
O-O 9. O-O a6 10. a4 Nbd7 11. Ng3 Ne5 12. Be2 Re8 13. f4 Ned7 14. Bd3 Qc7 15.
e5 dxe5 16. f5 Nb6 17. fxg6 hxg6 18. Bg5 Bg4 19. Qd2 Nfxd5 20. Nxd5 Nxd5 21.
Bxg6 fxg6 22. Qxd5+ Be6 23. Qd3 Bf7 24. Ne4 c4 25. Qh3 Re6 26. Qh4 Qb6+ 27. Kh1
Qxb2 28. Nf6+ Rxf6 29. Bxf6 Bd5 30. Qf2 Qxf2 31. Rxf2 Rf8 32. Bh4 Rxf2 33. Bxf2
e4 34. Rd1 Bc6 35. a5 Bc3 36. Be1 Bf6 37. Rc1 Bb5 38. Bc3 Bg5 39. Re1 Bc6 40.
Kg1 Kf7 41. Kf2 Ke6 42. g3 Kf5 43. h3 e3+ 44. Rxe3 Bxe3+ 45. Kxe3 Bg2 46. h4
Bf1 47. Kf3 Bd3 48. g4+ Ke6 49. Ke3 Kd5 50. h5 gxh5 51. gxh5 Kc5 52. Kd2
1/2-1/2

[Event "XXIII Coppa Autunno"]
[Site "Ivrea ITA"]
[Date "2012.11.27"]
[Round "9"]
[White "Castaldo, Antonio"]
[Black "Bozza, Alberto"]
[WhiteElo "1604"]
[BlackElo "1568"]
[Result "1-0"]
[PlyCount "87"]
[EventDate "2012.09.27"]

1. Nf3 Nf6 2. g3 g6 3. Bg2 Bg7 4. O-O O-O 5. d3 d5 6. Nbd2 d4 7. Nb3 Nc6 8. e4
dxe3 9. fxe3 Bg4 10. Qe2 Qc8 11. c3 Rd8 12. d4 e5 13. Qc2 Bf5 14. Qe2 Bg4 15.
Qe1 e4 16. Nfd2 Bf5 17. Nc4 Re8 18. Bd2 Qe6 19. Na3 b6 20. c4 Qe7 21. Bc3 a6
22. Nc2 Qd7 23. Nd2 Bh3 24. Qf2 Bf5 25. Rfe1 Rad8 26. d5 Ne5 27. Bxe5 Ng4 28.
Qe2 Rxe5 29. h3 Nf6 30. Kh2 c6 31. dxc6 Qxd2 32. Rad1 Qxe2 33. Rxd8+ Re8 34.
Rxe8+ Nxe8 35. Rxe2 Bxb2 36. Nd4 Bxd4 37. exd4 Nf6 38. c7 Kf8 39. Bxe4 Nxe4 40.
Rxe4 h5 41. Re5 Bd7 42. d5 a5 43. d6 a4 44. Re7 1-0

[Event "XXIII Coppa Autunno"]
[Site "Ivrea ITA"]
[Date "2012.11.29"]
[Round "9"]
[White "Chiarotto, Filippo"]
[Black "Listello, Massimiliano"]
[WhiteElo "2078"]
[BlackElo "1715"]
[Result "1-0"]
[PlyCount "63"]
[EventDate "2012.09.27"]

1. e4 e6 2. d4 d5 3. e5 c5 4. Nf3 Nc6 5. Bd3 cxd4 6. O-O Qc7 7. Re1 Bd7 8. a3
a6 9. Nbd2 Bc5 10. b4 Ba7 11. Nb3 Nge7 12. Bb2 O-O 13. Nbxd4 Nxd4 14. Nxd4 Ng6
15. Qh5 Ba4 16. Kh1 Rfc8 17. Rac1 Bxd4 18. Bxd4 Bb5 19. Bxg6 hxg6 20. Qh4 Qd8
21. Qg4 Rc4 22. c3 Rac8 23. h4 R8c6 24. g3 Qe7 25. Kg2 Rc8 26. Rh1 Kh7 27. f4
f5 28. exf6 gxf6 29. h5 g5 30. Rce1 e5 31. Qf5+ Kh8 32. fxe5 1-0

[Event "XXIII Coppa Autunno"]
[Site "Ivrea ITA"]
[Date "2012.11.29"]
[Round "9"]
[White "Puzzangara, Elisa"]
[Black "Gennaro, Isabella"]
[WhiteElo "1425"]
[BlackElo "1651"]
[Result "0-1"]
[PlyCount "66"]
[EventDate "2012.09.27"]

1. e4 c5 2. Nc3 Nc6 3. Nf3 e6 4. Bb5 Nge7 5. d3 d5 6. Bg5 f6 7. Bh4 a6 8. Ba4
b5 9. Bb3 c4 10. dxc4 dxc4 11. O-O Qxd1 12. Rfxd1 cxb3 13. axb3 Ng6 14. Bg3 Bc5
15. h3 Ke7 16. Re1 Bb7 17. Ne2 Rhd8 18. Rad1 Nb4 19. c3 Nd3 20. Rf1 Bxe4 21.
Rd2 Bxf3 22. gxf3 Nge5 23. Kg2 Ne1+ 24. Rxe1 Rxd2 25. Bf4 Rxb2 26. b4 Bb6 27.
Bc1 Rc2 28. Bf4 Nd3 29. Bg3 Nxe1+ 30. Kf1 Nxf3 31. Bf4 Rd8 32. Ng3 Rd1+ 33. Kg2
Rxf2# 0-1

[Event "XXIII Coppa Autunno"]
[Site "Ivrea ITA"]
[Date "2012.11.28"]
[Round "9"]
[White "Razzano, Lorenzo"]
[Black "Pane, Gabriele"]
[WhiteElo "1961"]
[BlackElo "1587"]
[Result "1-0"]
[PlyCount "41"]
[EventDate "2012.09.27"]

1. e4 e6 2. Nf3 d5 3. Nc3 Nf6 4. e5 Nfd7 5. d4 c5 6. dxc5 Bxc5 7. Bd3 Nc6 8.
Bf4 Qb6 9. O-O a6 10. a3 Be7 11. h4 Nc5 12. Be3 Qc7 13. Re1 O-O 14. Bxc5 Bxc5
15. Bxh7+ Kh8 16. Bd3 Be7 17. Ng5 Bxg5 18. hxg5 g6 19. Qf3 Bd7 20. Qf6+ Kg8 21.
Re3 1-0

[Event "XV Weekend U16"]
[Site "Porto Sant'Elpidio ITA"]
[Date "2012.11.17"]
[Round "1"]
[White "Ciaramella, Lorenzo"]
[Black "Eletto, Andrea"]
[WhiteElo "1434"]
[BlackElo "1335"]
[Result "1-0"]
[PlyCount "77"]
[EventDate "2012.11.17"]

1. e4 e5 2. Nf3 Nc6 3. Bc4 Nf6 4. Nc3 Bb4 5. a3 Bxc3 6. dxc3 O-O 7. Bg5 b6 8.
O-O Bb7 9. Bd5 h6 10. Bh4 Qe7 11. b4 Qd6 12. Bxc6 Qxc6 13. Bxf6 Qxf6 14. Re1
Rad8 15. Qd3 d5 16. exd5 Rxd5 17. Qe4 Re8 18. c4 Rd4 19. Qxb7 c6 20. Nxd4 Re7
21. Qxc6 Qf4 22. Qe4 Qg5 23. g3 g6 24. Qh4 Qxh4 25. gxh4 Rd7 26. Nc6 Rc7 27.
Nxe5 f6 28. Nxg6 Rxc4 29. Rac1 Rg4+ 30. Kh1 Rxg6 31. Rg1 Rxg1+ 32. Kxg1 Kh7 33.
Re1 Kg6 34. Kg2 Kh5 35. Kg3 f5 36. Re7 a6 37. Re6 a5 38. Rxb6 axb4 39. Rxb4 1-0

[Event "XV Weekend U16"]
[Site "Porto Sant'Elpidio ITA"]
[Date "2012.11.17"]
[Round "1"]
[White "Di Sante, Alessandro"]
[Black "Lupini, Michele"]
[WhiteElo "1416"]
[BlackElo "1398"]
[Result "0-1"]
[PlyCount "66"]
[EventDate "2012.11.17"]

1. d4 Nf6 2. e3 c5 3. c3 e6 4. Bd3 d5 5. Nd2 c4 6. Bc2 b5 7. e4 Nc6 8. exd5
exd5 9. b3 b4 10. bxc4 bxc3 11. Qe2+ Qe7 12. Qxe7+ Bxe7 13. Nb1 dxc4 14. Ba4
Bd7 15. Bxc6 Bxc6 16. Nxc3 Bxg2 17. Nb5 Rb8 18. Nc7+ Kd8 19. Bf4 Rb6 20. f3
Bxh1 21. Na8 Rb2 22. Bg3 Nh5 23. Be5 f6 24. Bc7+ Kd7 25. Ba5 Bb4+ 26. Bxb4 Rxb4
27. Kd2 Rxa8 28. Ke3 Rab8 29. Ne2 Re8+ 30. Kf2 Rb2 31. Re1 Rxa2 32. Kg1 Rexe2
33. Rf1 Rg2+ 0-1

[Event "XV Weekend U16"]
[Site "Porto Sant'Elpidio ITA"]
[Date "2012.11.18"]
[Round "2"]
[White "Copponi, Alice"]
[Black "Ciaramella, Lorenzo"]
[WhiteElo "1572"]
[BlackElo "1434"]
[Result "1/2-1/2"]
[PlyCount "116"]
[EventDate "2012.11.17"]

1. d4 d5 2. c4 e6 3. Nc3 Nf6 4. Nf3 Nc6 5. Bg5 Be7 6. e3 Ne4 7. Bxe7 Nxe7 8.
Nxe4 dxe4 9. Ng5 O-O 10. Qh5 h6 11. Nxe4 Ng6 12. Bd3 e5 13. d5 Qh4 14. Qxh4
Nxh4 15. O-O Nf5 16. Nc5 b6 17. Bxf5 Bxf5 18. e4 bxc5 19. exf5 Rac8 20. a3 c6
21. Rfd1 cxd5 22. Rxd5 f6 23. Rd7 Rf7 24. Rxf7 Kxf7 25. Rd1 Ke7 26. Kf1 Rc6 27.
Rd5 Rc7 28. Ke1 Rc6 29. h3 Rc7 30. Kd2 Rd7 31. Kc3 Rc7 32. g4 a5 33. f3 a4 34.
Kc2 Kf7 35. Rd8 Ra7 36. Rc8 Ra5 37. Rc7+ Kf8 38. Kc3 Kg8 39. Kd3 Kf8 40. Ke4
Ra6 41. Rxc5 Rb6 42. Rb5 Rc6 43. Kd5 Rc8 44. Rb4 Rd8+ 45. Ke4 Rd2 46. h4 Ke7
47. Ke3 Rd7 48. Rxa4 Rb7 49. Rb4 Rc7 50. b3 Kd6 51. Rb5 Ra7 52. a4 Kc6 53. Kd3
Rd7+ 54. Kc3 Rd1 55. b4 Rf1 56. Rc5+ Kb6 57. Rb5+ Kc6 58. Rc5+ Kb6 1/2-1/2

[Event "XV Weekend U16"]
[Site "Porto Sant'Elpidio ITA"]
[Date "2012.11.18"]
[Round "2"]
[White "Eletto, Andrea"]
[Black "Di Sante, Alessandro"]
[WhiteElo "1335"]
[BlackElo "1416"]
[Result "0-1"]
[PlyCount "106"]
[EventDate "2012.11.17"]

1. e4 c5 2. Nf3 Nc6 3. Bb5 d6 4. Nc3 Bd7 5. d3 Nf6 6. Bg5 e6 7. Bxc6 Bxc6 8.
O-O h6 9. Bh4 Be7 10. e5 dxe5 11. Nxe5 Qd6 12. Nc4 Qc7 13. Bg3 Qd8 14. Be5 O-O
15. d4 cxd4 16. Bxd4 Nd5 17. Ne4 Nf4 18. Re1 f5 19. Be5 Qxd1 20. Raxd1 fxe4 21.
Bxf4 Rxf4 22. g3 Rff8 23. Ne5 Bd5 24. c4 Bc6 25. Ng6 Rf7 26. Ne5 Rf5 27. Ng6
Bf6 28. Rd6 Re8 29. g4 Rg5 30. Nf4 Rxg4+ 31. Ng2 e3 32. Rxe3 Rxg2+ 33. Kf1 Bh4
34. f3 Rf2+ 35. Kg1 Bxf3 36. Rd4 Bg5 37. Kxf2 Bxe3+ 38. Kxe3 e5 39. Rd7 Bc6 40.
Rd1 Re7 41. Rb1 g5 42. Kf2 h5 43. Rg1 g4 44. h3 Rg7 45. h4 e4 46. Ke3 g3 47.
Rg2 Kf7 48. b4 a6 49. a4 Bxa4 50. Kxe4 Bc6+ 51. Kd4 Bxg2 52. c5 Bc6 53. Ke3 g2
0-1

[Event "XV Weekend U16"]
[Site "Porto Sant'Elpidio ITA"]
[Date "2012.11.18"]
[Round "3"]
[White "Di Sante, Alessandro"]
[Black "Copponi, Alice"]
[WhiteElo "1416"]
[BlackElo "1572"]
[Result "1/2-1/2"]
[PlyCount "50"]
[EventDate "2012.11.17"]

1. d4 d5 2. e3 Nf6 3. Bd3 Nc6 4. Nd2 Bd7 5. Ngf3 Bg4 6. h3 Bxf3 7. Qxf3 Nb4 8.
Qe2 e6 9. a3 Nxd3+ 10. Qxd3 c6 11. e4 dxe4 12. Nxe4 Nxe4 13. Qxe4 Be7 14. O-O
Bf6 15. Be3 O-O 16. Rad1 Qb6 17. b3 Rad8 18. d5 Qa5 19. dxe6 Rxd1 20. Rxd1 Qe5
21. Qxe5 Bxe5 22. exf7+ Rxf7 23. Bxa7 b5 24. Rd8+ Rf8 25. Rxf8+ Kxf8 1/2-1/2

[Event "XV Weekend U16"]
[Site "Porto Sant'Elpidio ITA"]
[Date "2012.11.18"]
[Round "3"]
[White "Lupini, Michele"]
[Black "Eletto, Andrea"]
[WhiteElo "1398"]
[BlackElo "1335"]
[Result "1-0"]
[PlyCount "111"]
[EventDate "2012.11.17"]

1. e4 e5 2. Nf3 Nc6 3. Bc4 Nf6 4. d3 Bc5 5. c3 O-O 6. O-O d6 7. b4 Bb6 8. Bb3
d5 9. Nbd2 d4 10. c4 Nxb4 11. Ba3 c5 12. Bxb4 cxb4 13. Nxe5 Bc7 14. Nef3 Qd6
15. Re1 Qf4 16. e5 Ng4 17. Re4 Qf5 18. Qe2 Re8 19. Nxd4 Qg5 20. h3 Nxe5 21.
N2f3 Nxf3+ 22. Nxf3 Rxe4 23. Qxe4 Qd8 24. Re1 Be6 25. c5 Bxb3 26. axb3 g6 27.
Qxb7 a5 28. Nd4 Rb8 29. Nc6 Rxb7 30. Nxd8 Bxd8 31. Re8+ Kg7 32. Rxd8 Rc7 33. d4
a4 34. Re8 axb3 35. Re1 Kf6 36. Rb1 Rb7 37. Kf1 Ke6 38. Ke2 Kd5 39. Kd3 f5 40.
c6 Kxc6 41. Kc4 Kd6 42. Rxb3 h5 43. Rxb4 Rxb4+ 44. Kxb4 Kd5 45. Kc3 g5 46. g3
g4 47. hxg4 fxg4 48. Kd3 Ke6 49. Ke4 Kf6 50. Kd5 Kf5 51. Kc6 Ke6 52. d5+ Kf7
53. Kc7 Kg6 54. d6 Kg5 55. d7 h4 56. d8=Q+ 1-0

[Event "XV Weekend U16"]
[Site "Porto Sant'Elpidio ITA"]
[Date "2012.11.25"]
[Round "4"]
[White "Copponi, Alice"]
[Black "Lupini, Michele"]
[WhiteElo "1572"]
[BlackElo "1398"]
[Result "1-0"]
[PlyCount "69"]
[EventDate "2012.11.17"]

1. d4 Nf6 2. c4 c5 3. d5 e6 4. Nc3 exd5 5. cxd5 d6 6. Bg5 Nbd7 7. Nf3 b5 8.
Nxb5 Qa5+ 9. Nc3 Ba6 10. g3 Ne4 11. Qc2 Nxg5 12. Nxg5 g6 13. Bg2 Bg7 14. Nge4
Qc7 15. O-O Nf6 16. Qa4+ Qd7 17. Qxa6 Rb8 18. Nxd6+ Ke7 19. Nc4 Ne8 20. Qa5 Rb7
21. Qxc5+ Nd6 22. Nxd6 Qxd6 23. Qe3+ Kd7 24. Rab1 Rhb8 25. b3 Rc8 26. Rbc1 a6
27. Rfd1 Rbc7 28. Rd3 Qb4 29. Bh3+ Kd8 30. Bxc8 Rxc8 31. Qf3 f5 32. Qe3 Bf6 33.
d6 Kd7 34. Nd5 Rxc1+ 35. Qxc1 1-0